| 000 | 00851nam#a2200253#a#4500 | ||
|---|---|---|---|
| 003 | AR-BeUNQ | ||
| 005 | 20240809123855.0 | ||
| 008 | 030219s2002####ag##################spa#d | ||
| 020 | _a9871105134 | ||
| 040 |
_aAR-BeUNQ _bspa _eaacr _cAR-BeUNQ |
||
| 099 | _a24-W19 | ||
| 100 | 1 | _aWall, Luis Gabriel | |
| 245 | 0 | 2 |
_aPlantas, bacterias, hongos, mi mujer, el cocinero y su amante : _bsobre interacciones biológicas, los ciclos de los elementos y otras historias _cLuis Gabriel Wall. |
| 250 | _a1a. ed. | ||
| 260 |
_aBernal : _bUniversidad Nacional de Quilmes, _c2002 |
||
| 300 |
_a62 p. : _bil.; _c21 cm. |
||
| 490 | 0 | _aCiencia que ladra... | |
| 650 | 7 |
_aPLANTAS (BOTANICA) _2Spines |
|
| 650 | 7 |
_aBACTERIAS _2Spines |
|
| 650 | 7 |
_aHONGOS _2Spines |
|
| 650 | 7 |
_aDIVULGACION CIENTIFICA _2Spines |
|
| 929 |
_aDONACION _d0 _e2018 _j57402 |
||
| 942 |
_cLIB _n0 |
||
| 999 |
_c150 _d150 |
||